Photosynthesis in the marine environment (Record no. 53529)

MARC details
000 -LEADER
fixed length control field 00749nam a2200205 a 4500
008 - FIXED-LENGTH DATA ELEMENTS--GENERAL INFORMATION
fixed length control field 160706s2014 ||||||||||||||||| || u
020 ## - INTERNATIONAL STANDARD BOOK NUMBER
International Standard Book Number 9781119979579
050 ## - LIBRARY OF CONGRESS CALL NUMBER
Classification number QK 882 Bee
100 ## - MAIN ENTRY--PERSONAL NAME
Personal name Beardall, John
245 10 - TITLE STATEMENT
Title Photosynthesis in the marine environment
Statement of responsibility, etc. By Sven Beer, Mats Bjork and John Beardall
260 ## - PUBLICATION, DISTRIBUTION, ETC.
Place of publication, distribution, etc. Iowa
Name of publisher, distributor, etc. Wiley-Blackwell
Date of publication, distribution, etc. 2014
300 ## - PHYSICAL DESCRIPTION
Extent xiv, 208p.: ill.
350 ## - PRICE (NR) (BK AM CF MU VM SE) [OBSOLETE]
Price 92.95
650 ## - SUBJECT ADDED ENTRY--TOPICAL TERM
Topical term or geographic name entry element PHOTOSYNTHESIS
650 ## - SUBJECT ADDED ENTRY--TOPICAL TERM
Topical term or geographic name entry element PLANTS--EFFECT OF UNDERWATER LIGHT ON
650 ## - SUBJECT ADDED ENTRY--TOPICAL TERM
Topical term or geographic name entry element AQUATIC PLANTS--ECOPHYSIOLOGY
700 ## - ADDED ENTRY--PERSONAL NAME
Personal name Beer, Sven
700 ## - ADDED ENTRY--PERSONAL NAME
Personal name Bjork, Mats
995 ## - RECOMMENDATION 995 [LOCAL, UNIMARC FRANCE]
-- CBU-MAIN LIBRARY (Kitwe)
-- 92.95
-- 1
-- AVAILABLE
-- Jul 14, 2016
-- Main Library Open Access Collection
Holdings
Withdrawn status Lost status Source of classification or shelving scheme Damaged status Not for loan Home library Current library Shelving location Date acquired Total Checkouts Full call number Barcode Date last seen Price effective from Koha item type
          CBU-MAIN LIBRARY, KITWE. CBU-MAIN LIBRARY, KITWE.   11/30/2022   QK 882 Bee 746305 11/30/2022 11/30/2022 MONOGRAPH